<?xml version="1.0" encoding="UTF-8"?>
<record
    xmlns:xsi="http://www.w3.org/2001/XMLSchema-instance"
    xsi:schemaLocation="http://www.loc.gov/MARC21/slim http://www.loc.gov/standards/marcxml/schema/MARC21slim.xsd"
    xmlns="http://www.loc.gov/MARC21/slim">

  <leader>00824nam a2200241 a 4500</leader>
  <controlfield tag="001">BRCA_7845</controlfield>
  <controlfield tag="005">20190320210024.0</controlfield>
  <controlfield tag="008">071113s1965----gw-a######---#000-0#ger-#</controlfield>
  <datafield tag="041" ind1=" " ind2=" ">
    <subfield code="a">ger</subfield>
  </datafield>
  <datafield tag="044" ind1=" " ind2=" ">
    <subfield code="a">gw</subfield>
  </datafield>
  <datafield tag="050" ind1=" " ind2="4">
    <subfield code="a">NK4670</subfield>
    <subfield code="b">.F55 1965</subfield>
  </datafield>
  <datafield tag="245" ind1="1" ind2="0">
    <subfield code="a">Fliesen</subfield>
    <subfield code="b">Sammlung Johann Keller, Munchen. Altonaer Museum in Hamburg, Juni-Aug. 1965</subfield>
    <subfield code="c">textillustrationen Johannes Uhlenhaut.</subfield>
  </datafield>
  <datafield tag="260" ind1=" " ind2=" ">
    <subfield code="a">Hamburgo, Alemania</subfield>
    <subfield code="b">Dingwort</subfield>
    <subfield code="c">1965</subfield>
  </datafield>
  <datafield tag="300" ind1=" " ind2=" ">
    <subfield code="a">1 v. (sin paginaci&#xF3;n)</subfield>
    <subfield code="b">il., 38 l&#xE1;minas</subfield>
    <subfield code="c">22 cm.</subfield>
  </datafield>
  <datafield tag="500" ind1=" " ind2=" ">
    <subfield code="a">Y68</subfield>
  </datafield>
  <datafield tag="650" ind1="1" ind2="4">
    <subfield code="a">Azulejos holandeses</subfield>
    <subfield code="9">19418</subfield>
  </datafield>
  <datafield tag="650" ind1="1" ind2="4">
    <subfield code="a">Cer&#xE1;mica holandesa</subfield>
    <subfield code="9">19419</subfield>
  </datafield>
  <datafield tag="650" ind1="1" ind2="4">
    <subfield code="a">Galer&#xED;as y museos</subfield>
    <subfield code="z">Alemania</subfield>
    <subfield code="9">5059</subfield>
  </datafield>
  <datafield tag="650" ind1="1" ind2="4">
    <subfield code="a">Azulejos</subfield>
    <subfield code="v">Exposiciones</subfield>
    <subfield code="9">19420</subfield>
  </datafield>
  <datafield tag="710" ind1="2" ind2=" ">
    <subfield code="a">Altonaer Museum fur Landschaft (Hamburgo) Volkstum und Seefischerei</subfield>
    <subfield code="9">19421</subfield>
  </datafield>
  <datafield tag="902" ind1=" " ind2=" ">
    <subfield code="a">GFM</subfield>
  </datafield>
  <datafield tag="942" ind1=" " ind2=" ">
    <subfield code="2">lcc</subfield>
    <subfield code="c">B</subfield>
  </datafield>
  <datafield tag="999" ind1=" " ind2=" ">
    <subfield code="c">7519</subfield>
    <subfield code="d">7519</subfield>
  </datafield>
  <datafield tag="952" ind1=" " ind2=" ">
    <subfield code="0">0</subfield>
    <subfield code="1">0</subfield>
    <subfield code="4">0</subfield>
    <subfield code="7">0</subfield>
    <subfield code="a">BRCA</subfield>
    <subfield code="b">BRCA</subfield>
    <subfield code="d">2013-11-06</subfield>
    <subfield code="i">Y68</subfield>
    <subfield code="l">0</subfield>
    <subfield code="o">NK4670 .F55 1965 (Y68)</subfield>
    <subfield code="p">8456</subfield>
    <subfield code="r">2019-03-22 00:00:00</subfield>
    <subfield code="w">2019-03-22</subfield>
    <subfield code="y">B</subfield>
  </datafield>
</record>
